10 Easternmost Capital Cities in Asia - Statistics

General Stats
  • This quiz has been taken 52,685 times
  • The average score is 8 of 10
Answer Stats
Longitude Capital City % Correct
139°42′E Tokyo
98%
116°24′E Beijing
94%
126°59′E Seoul
94%
120°58′E Manila
88%
106°48′E Jakarta
86%
125°44′E Pyongyang
86%
121°38′E Taipei
79%
106°55′E Ulaanbaatar
58%
125°35′E Dili
52%
114°57′E Bandar Seri Begawan
43%
No matching quizzes found
Score Distribution
Percent of People with Each Score
Percentile by Number Answered
Your Score History
You have not taken this quiz